The Marriage of Figaro = (Record no. 9123)
[ view plain ]
| 000 -CABECERA | |
|---|---|
| campo de control de longitud fija | 00927nam a2200253 a 4500 |
| 001 - NÚMERO DE CONTROL | |
| campo de control | BRL_310 |
| 005 - FECHA Y HORA DE LA ÚLTIMA TRANSACCIÓN | |
| campo de control | 20190320210700.0 |
| 008 - DATOS DE LONGITUD FIJA--INFORMACIÓN GENERAL | |
| campo de control de longitud fija | 240713s1956----u--o######---#000-0#eng-# |
| 041 ## - CÓDIGO DE LENGUA | |
| Código de lengua del texto/banda sonora o título independiente | eng |
| 044 ## - CÓDIGO DEL PAÍS DE LA ENTIDAD EDITORA/PRODUCTORA | |
| Código MARC del país | u |
| 050 #4 - SIGNATURA TOPOGRÁFICA DE LA BIBLIOTECA DEL CONGRESO | |
| Número de clasificación | ML50.M939 |
| Número de documento/Ítem | .M59 1956 |
| 100 1# - ENTRADA PRINCIPAL--NOMBRE DE PERSONA | |
| Nombre de persona | Mozart, Wolfgang Amadeus |
| Fechas asociadas al nombre | 1756-1791 |
| 9 (RLIN) | 23512 |
| 245 10 - MENCIÓN DE TÍTULO | |
| Título | The Marriage of Figaro = |
| Resto del título | Le Nozze di Figaro, opera buffa in four acts |
| Mención de responsabilidad, etc. | music by Wolfgang Amadeus Mozart; libretto by Lorenzo da Ponte; Beaumaerchais´ comedy, Le Mariage de Figaro. |
| 260 ## - PUBLICACIÓN, DISTRIBUCIÓN, ETC. | |
| Lugar de publicación, distribución, etc. | [Estados Unidos] |
| Nombre del editor, distribuidor, etc. | [Radio Corporation of America] |
| Fecha de publicación, distribución, etc. | 1956 |
| 300 ## - DESCRIPCIÓN FÍSICA | |
| Extensión | [40 p.] |
| Otras características físicas | il. |
| Dimensiones | 30 cm. |
| 500 ## - NOTA GENERAL | |
| Nota general | Au2309 |
| 500 ## - NOTA GENERAL | |
| Nota general | Texto en: italiano e inglés |
| 650 14 - PUNTO DE ACCESO ADICIONAL DE MATERIA--TÉRMINO DE MATERIA | |
| Término de materia o nombre geográfico como elemento de entrada | Opera |
| Subdivisión general | Libretos |
| 9 (RLIN) | 23513 |
| 700 1# - PUNTO DE ACCESO ADICIONAL--NOMBRE DE PERSONA | |
| Nombre de persona | da Ponte, Lorenzo |
| Fechas asociadas al nombre | 1749-1838 |
| 9 (RLIN) | 23514 |
| 700 1# - PUNTO DE ACCESO ADICIONAL--NOMBRE DE PERSONA | |
| Nombre de persona | Beaumarchais, Pierre Augustin Caron de, |
| Fechas asociadas al nombre | 1732-1799. |
| Título de la obra | Mariage de Figaro. |
| 9 (RLIN) | 23515 |
| 740 0# - PUNTO DE ACCESO ADICIONAL--TÍTULO RELACIONADO O ANALÍTICO NO CONTROLADO | |
| Título relacionado o analítico no controlado | Le Nozze di Figaro |
| 902 ## - CATALOGADOR | |
| Iniciales | GRL |
| 942 ## - ELEMENTOS DE PUNTO DE ACCESO ADICIONAL (KOHA) | |
| Fuente del sistema de clasificación o colocación | Library of Congress Classification |
| Tipo de ítem Koha | Libros |
| Estado de retiro | Estado de pérdida | Estado dañado | No para préstamo | Localización permanente | Ubicación/localización actual | Fecha de adquisición | Número de inventario | Total de préstamos | Signatura topográfica completa | Código de barras | Fecha visto por última vez | Precio válido a partir de | Tipo de ítem Koha |
|---|---|---|---|---|---|---|---|---|---|---|---|---|---|
| El ejemplar forma parte de la colección y puede ser consultado según las políticas vigentes. | Biblioteca Centro de Estudios Ruth D. Lechuga | Biblioteca Centro de Estudios Ruth D. Lechuga | 24/07/2013 | Au2309 | ML50.M939 .M59 1956 (Au2309) | GRL00326 | 22/03/2019 | 22/03/2019 | Libros |